000 00579nam a2200217Ia 4500
008 160319s9999 xx 000 0 und d
020 _a9715540562
050 _a910
050 _bA841p
100 _aAligaen, Arnold
245 _aPhilippine geography for high school /
245 _cArnold Aligaen.
260 _bCarlos Palanca Foundation inc.
260 _c2000
300 _a150 pages :
300 _bpictures.
300 _c26 cm.
650 _aGeography -- Philippines
650 _aGeography, Historical -- Maps
700 _aQuizon, Nerissa., added author.
999 _c292219
_d292219